000 00335nam a22001457a 4500
020 _a978-8120311343
041 _aENG
100 _aGeankoplis .J .C
245 _aTransport Processes And Unit Operations
250 _aThird ED
260 _aDelhi
_bPrertice Hall of India
_c1999
300 _a921
650 _aAPE
856 _uAPE
999 _c355
_d355